Gilmore Girls Character Quiz - Statistics

General Stats
  • This quiz has been taken 196 times
  • The average score is 15 of 16
Answer Stats
Picture Answer % Correct
Luke
100%
Paris
100%
Rory
100%
Emily
99%
Lane
99%
Dean
98%
Jess
98%
Richard
98%
Lorelai
97%
Christopher
96%
Taylor
96%
Max
95%
Sookie
95%
Kirk
94%
Babette
93%
Paul Anka
82%
No matching quizzes found
Score Distribution
Percent of People with Each Score
Percentile by Number Answered
Your Score History
You have not taken this quiz